Las migraciones internas en Panamá: algunas consideraciones
Uloženo v:
| Hlavní autor: | |
|---|---|
| Médium: | Text |
| Vydáno: |
Panamá:
Universidad de Panamá
|
| Tagy: |
Přidat tag
Žádné tagy, Buďte první, kdo vytvoří štítek k tomuto záznamu!
|
MARC
| LEADER | 00000 a a2200000 04500 | ||
|---|---|---|---|
| 001 | 21061 | ||
| 003 | |||
| 040 | |||
| 090 | |a 091000 | ||
| 100 | |a Vivar, Pablo | ||
| 245 | |a Las migraciones internas en Panamá: algunas consideraciones | ||
| 260 | |a Panamá: |b Universidad de Panamá | ||
| 300 | |a S.D. | ||
| 999 | |c 16132 |d 16132 | ||
